[Event "FICGS class C 000145 email"]
[Site "FICGS email"]
[Date "2010.05.17"]
[Round "1"]
[White "Van Oosten, Henk"]
[Black "Moreno, Ciro Angel"]
[Result "1-0"]
[WhiteElo "1750"]
[BlackElo "1615"]
[PlyCount "65"]
[EventDate "2010.??.??"]
[EventType "tourn (corr)"]
[EventRounds "6"]
[SourceTitle "Corr 2013"]
[Source "ChessBase"]
[SourceDate "2012.11.12"]
[SourceVersion "1"]
[SourceVersionDate "2012.11.12"]
[SourceQuality "1"]

1. e4 c5 2. Nf3 e6 3. d4 cxd4 4. Nxd4 Nf6 5. Nc3 Bb4 6. e5 Qc7 7. exf6 Bxc3+ 8. bxc3 Qxc3+ 9. Qd2 Qxa1 10. fxg7 Rg8 11. c3 Qb1 12. Bd3 Qb6 13. Qg5 Nc6 14. Bxh7 Ne7 15. Nb5 d6 16. Bxg8 Nxg8 17. Ba3 d5 18. Nd6+ Kd7 19. 0-0 f6 20. Qh5 Qd8 21. c4 Kc7 22. cxd5 Bd7 23. Rc1+ Kb8 24. Nf7 Qc7 25. Rxc7 Kxc7 26. dxe6 b6 27. Bd6+ Kb7 28. exd7 Kc6 29. Qf3+ Kxd7 30. Qxa8 Ke6 31. Qxg8 Kd5 32. Qa8+ Kd4 33. Qc6 1-0